[Event "Dallas CC Grand Prix3 U1400"]
[Site "Dallas"]
[Date "2001.07.15"]
[Round "5"]
[White "Chakravarthi, Gautam"]
[Black "Swafford, Clayton J"]
[Result "1-0"]
[WhiteElo "1165"]
[BlackElo "1241"]
[PlyCount "67"]
[EventDate "2001.07.14"]
[EventType "swiss"]
[EventRounds "5"]
[EventCountry "USA"]
[SourceTitle "EXT 2005"]
[Source "ChessBase"]
[SourceDate "2004.11.15"]
[SourceVersion "1"]
[SourceVersionDate "2004.11.15"]
[SourceQuality "1"]

1. d4 Nf6 2. c4 e6 3. Nc3 Bb4 4. Bd2 Bxc3 5. Bxc3 d5 6. e3 0-0 7. Nf3 Re8 8. Bd3 Nc6 9. 0-0 Ne4 10. Qc2 f5 11. Nd2 Nxd2 12. Bxd2 g6 13. cxd5 Qxd5 14. Bc4 Qe4 15. Qb3 Qh4 16. Bc3 Qe7 17. d5 exd5 18. Bxd5+ Be6 19. Bxe6+ Qxe6 20. Qxb7 Rab8 21. Qxc7 Re7 22. Qf4 Qe4 23. Qxe4 Rxe4 24. Rad1 f4 25. exf4 Rxf4 26. Rfe1 Rbf8 27. Re6 Nd8 28. Red6 Nf7 29. Rd7 Ra8 30. a3 a6 31. Re7 Ng5 32. Rg7+ Kh8 33. Rxg6+ Rf6 34. Bxf6# 1-0